| 000 | 00642 a2200181 4500 | ||
|---|---|---|---|
| 003 | Nust | ||
| 005 | 20170207153545.0 | ||
| 040 | _cNust | ||
| 082 | _a005.8 | ||
| 100 | _aYasin, Muhammad, ( MSIS-6) | ||
| 245 |
_aAnalysis of windows registry to trace user activity _cMuhammad Yasin |
||
| 260 |
_bMCS (NUST) _cMarch, 2010 _aRawalpindi |
||
| 300 | _aviii, 64 ,p.; | ||
| 505 | _aIntroduction (page-1) Windows registry forensics (page-6) Forensic artefacts form windows registry (page-14) Design and implementation of forensic tool (page-44) Conclusions (page-50) | ||
| 538 | _a Almirah No.70 Shelf No.4 | ||
| 650 | _aPG Thesis | ||
| 651 | _aMSIS-6 | ||
| 942 | _cTHS | ||
| 999 |
_c188605 _d188605 |
||